| 000 | 00390nam a2200181Ia 4500 | ||
|---|---|---|---|
| 003 | 0STCL | ||
| 008 | 150530s9999 xx 000 0 und d | ||
| 040 |
_aSTCL _cSTCL |
||
| 100 | _aSurendram, K. | ||
| 245 | _aPanapatrathile Kodumkattu | ||
| 250 | _a1 | ||
| 260 |
_bAuthor _c1965 |
||
| 300 | _a0 | ||
| 546 | _aMalayalam | ||
| 942 |
_2ddc _cBK |
||
| 999 |
_c48836 _d48836 |
||
| 005 | 20220125170752.0 | ||